000 00528nam a2200181Ia 4500
008 100917s9999 xx 000 0 und d
082 _b59384
100 _aआपटे पां. श्री.
245 _aम. गांधी दर्शन
260 _bकेतकर वि. गं.
_c1948
300 _a255
365 _b5
520 _aचरित्र
630 _aम. गांधी दर्शन
650 _aचरित्र
730 _aम. गांधी दर्शन
942 _cBOOK
999 _c664778
_d664775